Comandante Bayardo Arce's secret speech before the Nicaraguan Socialist Party (PSN)

Guardado en:
書目詳細資料
企業作者: United States Department of State
格式: Texto
出版: Washington: USDS
標簽: 添加標簽
沒有標簽, 成為第一個標記此記錄!

MARC

LEADER 00000 a a2200000 04500
001 24007
003
040
090 |a 170400  
110 |a United States Department of State  
245 |a Comandante Bayardo Arce's secret speech before the Nicaraguan Socialist Party (PSN)  
260 |a Washington:   |b USDS  
300 |a 8 p  
999 |c 3536  |d 3536